000 00656nam a2200241Ia 4500
001 3013
003 GE_BSU
008 181216s||||||||xx |||||||||||||| ||und||
020 _a9850404698
040 _cGE_BSU
080 _a339(100)(075.8)
100 _aДадаалко, В.А.
245 _aМировая экономика
245 _bУчебное пособие
245 _cред. В.И. Мартинович
260 _aМинск
260 _bУраджай", " Интерпрессервис
260 _c2001
300 _a592 с. 22 см.
541 _h16 л.
653 _aМировая экономика
942 _cBK
999 _c37059
_d37059